Kedy budeme robiť menej

Predpoveď britského ekonóma J. M. Keynesa o 15 hodinovom týždennom pracovnom čase. Nové modely pracovného času. Pokusy o zmenu. Prečo sa pracovný čas neskracuje. 21 hodinový pracovný týždeň. Prečo by sme mali pracovať menej.

Saved in:
Bibliographic Details
Main Author: Mrva, Tomáš
Format: Book Chapter
Language:Slovak
Subjects:
Tags: Add Tag
No Tags, Be the first to tag this record!

MARC

LEADER 00000naa a2200000 4500
001 0200751
005 20231113083434.1
041 0 |a slo 
044 |a SK 
245 1 0 |a Kedy budeme robiť menej  |c Tomáš Mrva 
520 |a Predpoveď britského ekonóma J. M. Keynesa o 15 hodinovom týždennom pracovnom čase. Nové modely pracovného času. Pokusy o zmenu. Prečo sa pracovný čas neskracuje. 21 hodinový pracovný týždeň. Prečo by sme mali pracovať menej. 
610 2 0 |a práca 
610 2 0 |a čas pracovný 
610 2 0 |a flexibilita 
610 2 0 |a produktivita 
610 2 0 |a muži 
610 2 0 |a ženy 
610 2 0 |a automatizácia 
100 1 |a Mrva, Tomáš